000 01064cam a22002771 4500
001 4188
003 BD-RjUL
005 20211208233841.0
008 131222s1965 enka b 100 0 eng
035 _a(BD-RjUL)4222
035 _a(OCoLC)284573
040 _aDLC
_cOClU
_dOCoLC
_dNBrockU
_dOCoLC
_dNBiSU
_dUk
_dDLC
_dBD-RjUL
_beng
041 _aeng
082 0 0 _a332.67
_bTHE 1965
111 2 _aConference on the Theory of Interest and Money
_d(1962 :
_cRoyaumont, France)
_9134180
245 1 4 _aThe theory of interest rates :
_bproceedings of a conference held by the International Economic Association /
_cEdited by F.H. Hahn and F.P.R. Brechling.
260 _aLondon ;
_bMacmillan :
_aNew York ;
_bSt. Martin's Press,
_c1965.
300 _axv, 364 p. :
_bill. ;
_c23 cm.
504 _aBibliography: p. 239-241. Bibliographical footnotes.
650 0 _aInterest.
_913280
700 1 _aHahn, Frank,
_eed.
_913281
700 1 _aBrechling, Frank P. R.,
_eed.
_913282
710 2 _aInternational Economic Association.
_96849
942 _2ddc
_cBK
999 _c4188
_d4188